Bienvenue à la Médiathèque de Saint-Andiol
banniere
Accueil Recherche avancée Mon compte
handi1 Rechercher dans le catalogue

Filtre   Mots-clés
  Recherche avancée
 
Lister les dernières nouveautés
 
Lister les livres GROS CARACTERES
 
Lister les périodiques (magazines)

handi1 Ernest et Rebecca

le microbe de l'amour

<< Retourner aux résultats de la recherche
Book Cover
Auteur principal : Emmanuel Klotz
Autres auteurs : Guillaume Bianco Antonello Dalena
Titre : Ernest et Rebecca
Support :
Langue : Francais
Publié : 2020 Citel Vidéo Paris
Genre : Dessin Animé
Sujets :
Étiquettes :
Pas de tags
LEADER 01371nlm0a2200289 450
001 16868281
100 |a 20200430d2020 u u0frey01 ba 
101 0 |a fre 
102 |a FR 
200 0 |a Ernest et Rebecca  |e le microbe de l'amour  |f Emmanuel Klotz, réal.  |g Guillaume Bianco, Antonello Dalena, adapt. 
207 1 |a   
210 |a Paris  |c Citel Vidéo  |d 2020 
215 |a 1 DVD vidéo monoface zone 2 (2 h 49 min)  |c 16/9, coul. (PAL), son. (stéréo) 
300 |a Langues principales : français; 
327 |a Pour l'amour de Grignotte,Pas touche au cadeau,L'aspirapeur,Le trésor de papa,Un yoyo de trop 
330 |a 'Ernest et Rebecca', c'est une histoire d'amitié au sein d'un duo étonnant formé d'une petite fille fonceuse et d'un microbe qui débarque dans le monde des humains. Avec Rebecca comme guide et Ernest en compagnon d'aventure, le quotidien devient pour nos deux héros un terrain de jeu et de bêtises sans limite ! 
464 |a Pour l'amour de Grignotte 
464 |a Pas touche au cadeau 
464 |a L'aspirapeur 
464 |a Le trésor de papa 
464 |a Un yoyo de trop 
700 0 |a Klotz  |b Emmanuel  |4 370 
702 0 |a Bianco  |b Guillaume  |4 100 
702 0 |a Dalena  |b Antonello  |4 100 
900 |a Dessin Animé 
901 |a Jeunesse 
995 |a Médiathèque  |c Médiathèque  |f 00156010170314  |h 00156010170314  |k EA ERN  |o p  |q j  |r gf  |e Médiathèque